000 00394nam a2200181Ia 4500
001 19379
005 20260306172648.0
008 260306t1997||||xx |||||||||||||| ||spa||
041 _aESP
082 _a658.848
_bK34
100 _aKeegan, Warren J.
_eAUT
245 0 _aMárketing global
260 _c1997
300 _a
_c
650 _aGEN
654 _aCAN
942 _cLIB
_dJUS
_fJUS
_2ddc
_n
999 _c19379
_d19379